Trade union: manpower and employment in Britain (Record no. 496440)

000 -LEADER
fixed length control field 00405cam a22001217a 4500
008 - FIXED-LENGTH DATA ELEMENTS--GENERAL INFORMATION
fixed length control field 180718b xxu||||| |||| 00| 0 eng d
082 ## - DEWEY DECIMAL CLASSIFICATION NUMBER
Classification number R8x42 Un3
245 ## - TITLE STATEMENT
Title Trade union: manpower and employment in Britain
Statement of responsibility, etc. by Central Office of Information
260 ## - PUBLICATION, DISTRIBUTION, ETC.
Place of publication, distribution, etc. London
Name of publisher, distributor, etc. Central Office of Information
Date of publication, distribution, etc.
300 ## - PHYSICAL DESCRIPTION
Extent 32p
500 ## - GENERAL NOTE
General note Contents: Library has 1975, 1977
700 ## - ADDED ENTRY--PERSONAL NAME
Personal name U.K. Central Office of Information
Holdings
Withdrawn status Lost status Damaged status Not for loan Permanent Location Current Location Date acquired Full call number Barcode Date last seen Price effective from Koha item type
        Indian Institute of Public Administration Indian Institute of Public Administration 2018-08-04 R8x42 Un3 GG16937 2018-08-04 2018-08-04 GG
        Indian Institute of Public Administration Indian Institute of Public Administration 2018-08-04 R8x42 Un3 GG15851 2018-08-04 2018-08-04 GG

Powered by Koha